"Weird Al" Yankovic Discography - Statistics

General Stats
  • This quiz has been taken 36 times
  • The average score is 16 of 39
Answer Stats
Type Year Name % Correct
Album 2003 Poodle Hat
93%
Album 2014 Mandatory Fun
85%
Album 1999 Running with Scissors
85%
Album 1983 "Weird Al" Yankovic
85%
Album 2011 Alpocalypse
78%
Album 1988 Even Worse
78%
Album 2006 Straight Outta Lynwood
78%
Album 1989 UHF – Original Motion Picture Soundtrack and Other Stuff
78%
Album 1993 Alapalooza
74%
Album 1996 Bad Hair Day
74%
Album 1992 Off the Deep End
70%
Album 1986 Polka Party!
70%
Album 1984 "Weird Al" Yankovic in 3-D
70%
Album 1985 Dare to be Stupid
63%
Compilation 1994 Greatest Hits Volume II
41%
Compilation 1993 The Food Album
41%
Compilation 1988 "Weird Al" Yankovic's Greatest Hits
41%
Box Set 2017 Squeeze Box: The Complete Works of "Weird Al" Yankovic
33%
Compilation 2009 The Essential "Weird Al" Yankovic
33%
EP 1981 Another One Rides the Bus
26%
Compilation 1984 Eat It
26%
Video Album 1984 Eat It
26%
Compilation 1995 The TV Album
26%
Box Set 1994 Permanent Record: Al in the Box
22%
EP 2009 Internet Leaks
19%
Collaborative Album 1988 Peter & the Wolf/Carnival of the Animals – Part II
19%
Compilation 1992 The Best of Yankovic
15%
Compilation 2000 The Saga Begins
15%
Video Album 1994 Alapalooza: The Videos
11%
Video Album 1996 Bad Hair Day: The Videos
11%
Video Album 1999 "Weird Al" Yankovic Live!
11%
Video Album 2003 "Weird Al" Yankovic: The Ultimate Video Collection
11%
Video Album 1998 "Weird Al" Yankovic: The Videos
11%
Video Album 2011 Alpocalypse HD
7%
Compilation 1984 The Official Music of "Weird Al" Yankovic: Al Hits Tokyo
7%
Video Album 2011 "Weird Al" Yankovic Live!: The Alpocalypse Tour
7%
Video Album 1993 "Weird Al" Yankovic: The Ultimate Collection
7%
Video Album 1992 The "Weird Al" Yankovic Video Library
4%
Video Album 2007 Video Triple Play
4%
No matching quizzes found
Score Distribution
Percent of People with Each Score
Percentile by Number Answered
Your Score History
You have not taken this quiz